000 00779nam a22001577a 4500
003 OSt
005 20150915111846.0
008 150915b xxu||||| |||| 00| 0 eng d
040 _cRUA
082 _aAGR SAK 2002 B027 Or.1
100 _9507
_aSAK, SENTHIABOT.
245 _apesticide risk assessement on vegetable production in kiensvey district of kandal province(ការប្រថុយប្រថានជាមួយគ្រោះថ្នាក់ក្នុងការប្រើប្រាស់ថ្នាំកសិកម្មលើផលិតកម្មដំណាំបន្លែនៅស្រុកកៀនស្វាយ​ ខេត្តកណ្តាល)
260 _aPhnom Penh
_bRUA
_c2002
300 _a33p.
_bill.
_c29cm.
942 _2ddc
_cAGR
999 _c485
_d485